[Event "European Senior Team Championship 2014"]
[Site "Sibenik"]
[Date "2014.04.03"]
[Round "3.3"]
[White "Bergstrom, Rolf"]
[Black "Rogulj, Branko"]
[Result "0-1"]
[WhiteElo "2285"]
[BlackElo "2421"]
[PlyCount "154"]
[EventDate "2014.04.01"]

1. e4 e6 2. d4 d5 3. e5 c5 4. c3 Nc6 5. Nf3 Qb6 6. Be2 cxd4 7. cxd4 Nge7 8. Na3
Nf5 9. Nc2 Bd7 10. O-O Be7 11. Bd3 h6 12. g4 Nh4 13. Nxh4 Bxh4 14. Be3 a5 15.
Qe2 Be7 16. f4 O-O-O 17. Rab1 Kb8 18. b3 Nb4 19. Nxb4 Bxb4 20. Rbc1 Rc8 21. f5
Bc3 22. Rf4 Rc7 23. Rcf1 Rhc8 24. h4 h5 25. fxe6 Bxe6 26. gxh5 Rh8 27. R1f2
Rcc8 28. Rg2 Rcg8 29. Rg3 Bb4 30. Qg2 Qd8 31. Bf5 Rxh5 32. Bxe6 fxe6 33. Rxg7
Rxg7 34. Qxg7 Rxh4 35. Rxh4 Qxh4 36. Bf2 Qh3 37. Qg2 Qf5 38. Kh2 Ka7 39. a4 Qc2
40. Qf3 Be1 41. Kg2 Bxf2 42. Qxf2 Qxb3 43. Qf7 Qc2+ 44. Kg3 Qc3+ 45. Kg2 Qc6
46. Kg3 Ka6 47. Kh4 b5 48. axb5+ Kxb5 49. Kg5 a4 50. Kf6 a3 51. Qe7 Ka4 52.
Qa7+ Kb3 53. Qb8+ Kc2 54. Qd6 Qxd6 55. exd6 a2 56. d7 a1=Q 57. d8=Q Qxd4+ 58.
Kxe6 Qe4+ 59. Kd6 d4 60. Qc7+ Kd1 61. Qc4 Qg6+ 62. Kc5 d3 63. Kd4 Ke2 64. Kc3
Qf6+ 65. Kb3 Qf5 66. Kb2 Qe5+ 67. Kb1 Ke3 68. Qb3 Qc5 69. Qe6+ Kd2 70. Qh6+ Qe3
71. Qh2+ Ke1 72. Qh1+ Ke2 73. Qh5+ Qf3 74. Qh2+ Kf1 75. Qd6 Qe4 76. Qf6+ Ke2
77. Qa6 Ke1 0-1

[Event "European Senior Team Championship 2014"]
[Site "Sibenik"]
[Date "2014.04.03"]
[Round "3.3"]
[White "Sale, Srdjan"]
[Black "Hammar, Bengt"]
[Result "1-0"]
[WhiteElo "2402"]
[BlackElo "2232"]
[PlyCount "57"]
[EventDate "2014.04.01"]

1. e4 c5 2. a3 Nf6 3. e5 Nd5 4. d4 cxd4 5. Qxd4 e6 6. c4 Nc6 7. Qe4 Nb6 8. Nf3
d5 9. exd6 Bxd6 10. Nc3 Nd7 11. Be3 Nf6 12. Qc2 Ne5 13. Rd1 Nxf3+ 14. gxf3 Qe7
15. Rg1 O-O 16. Bg5 Be5 17. f4 Bxc3+ 18. Qxc3 Kh8 19. Rd3 Rd8 20. Rdg3 Qd7 21.
Be2 e5 22. Rd3 Qe8 23. Rxd8 Qxd8 24. fxe5 h6 25. Bh4 g5 26. exf6 gxh4 27. Qe3
Qxf6 28. Qe8+ Kh7 29. Qg8# 1-0

[Event "European Senior Team Championship 2014"]
[Site "Sibenik"]
[Date "2014.04.03"]
[Round "3.4"]
[White "Kurajica, Bojan"]
[Black "Fauland, Alexander"]
[Result "1/2-1/2"]
[WhiteElo "2506"]
[BlackElo "2417"]
[PlyCount "178"]
[EventDate "2014.04.01"]

1. d4 Nf6 2. Nf3 d6 3. g3 Bg4 4. Bg2 c6 5. c4 g6 6. Nc3 Bg7 7. h3 Bxf3 8. Bxf3
O-O 9. g4 Nfd7 10. g5 Nb6 11. Qd3 d5 12. cxd5 cxd5 13. e4 dxe4 14. Bxe4 Nc6 15.
d5 Ne5 16. Qg3 Rc8 17. O-O Nec4 18. Bf4 Nd6 19. Bg2 Nbc4 20. Rab1 Nxb2 21. Ne4
Nxe4 22. Bxe4 Rc3 23. Qg2 Rc4 24. f3 Na4 25. Rxb7 Qc8 26. Rbb1 Nc3 27. Rbc1
Nxd5 28. Bxd5 Qc5+ 29. Qf2 Qxd5 30. Rxc4 Qxc4 31. Be3 Rb8 32. Rd1 a6 33. Kg2
Bc3 34. Rc1 Qd3 35. Rc2 Be5 36. Qd2 Qf5 37. Rc5 Qb1 38. Rc2 Bd6 39. Qc3 a5 40.
Bd4 e5 41. Bf2 a4 42. Rd2 Qb4 43. Qe3 Re8 44. Rd5 Rc8 45. Qd3 Rc6 46. h4 a3 47.
Qe2 Qb1 48. Rd2 Qc1 49. Bg3 Qc3 50. Rd5 Qb2 51. Rd2 Rb6 52. Bf2 Rb8 53. Qd1 Bf8
54. Qe2 Qc1 55. Be3 Rb2 56. Qd3 Rxd2+ 57. Qxd2 Qxd2+ 58. Bxd2 f5 59. gxf6 Kf7
60. Bc3 Bd6 61. f4 Kxf6 62. h5 g5 63. fxe5+ Bxe5 64. Bb4 Bb2 65. h6 g4 66. Bd6
Ke6 67. Bf8 Kf5 68. Kg3 Bc1 69. Kg2 Bf4 70. Kf2 Bc1 71. Kg3 Kg5 72. Be7+ Kh5
73. Bd6 Bb2 74. Bf8 Be5+ 75. Kg2 Bf4 76. Bxa3 Kxh6 77. Be7 Kg6 78. a4 Kf7 79.
Bh4 Bc7 80. Be1 Ke6 81. a5 Kd5 82. a6 Kc6 83. Kf2 Bf4 84. Ke2 h5 85. Bh4 Kb6
86. Kd3 Kxa6 87. Ke4 Bc7 88. Kf5 g3 89. Bxg3 Bxg3 1/2-1/2

[Event "European Senior Team Championship 2014"]
[Site "Sibenik"]
[Date "2014.04.03"]
[Round "3.4"]
[White "Wallner, Joachim"]
[Black "Dizdarevic, Emir"]
[Result "0-1"]
[WhiteElo "2361"]
[BlackElo "2503"]
[PlyCount "116"]
[EventDate "2014.04.01"]

1. e4 c6 2. d4 d5 3. e5 c5 4. dxc5 e6 5. Be3 Nd7 6. Bb5 Ne7 7. Nf3 Nf5 8. Bd4
Qa5+ 9. Nc3 a6 10. Bxd7+ Bxd7 11. O-O Be7 12. Ne2 Nxd4 13. Nfxd4 Qxc5 14. c3
Bb5 15. Nxb5 Qxb5 16. Qd2 Rc8 17. Nd4 Qb6 18. Rad1 h5 19. Qe2 g6 20. Rd3 Qc7
21. Re1 Qc4 22. a3 Kf8 23. h3 Kg7 24. Qd2 h4 25. Rf3 Rh5 26. Qf4 Rf8 27. g4
hxg3 28. fxg3 Rxh3 29. Ref1 Rh7 30. Qg4 Bc5 31. Qf4 Kg8 32. Kg2 Bxd4 33. cxd4
Qe2+ 34. R1f2 Qd1 35. Rf1 Qc2+ 36. R3f2 Qf5 37. Qxf5 gxf5 38. Rc1 Kg7 39. Rc7
b5 40. Ra7 Rfh8 41. Kf3 Rh2 42. b4 Rxf2+ 43. Kxf2 Rc8 44. Rxa6 Rc2+ 45. Kf3
Rc3+ 46. Kf2 Rd3 47. Ra5 Kg6 48. Rxb5 Rxa3 49. Rb8 Rd3 50. b5 f4 51. gxf4 Rxd4
52. Ke3 Re4+ 53. Kd3 Rxf4 54. Kc3 Rc4+ 55. Kb3 Kf5 56. b6 Kxe5 57. Rb7 f5 58.
Rc7 Kd6 0-1

[Event "European Senior Team Championship 2014"]
[Site "Sibenik"]
[Date "2014.04.03"]
[Round "3.4"]
[White "Vukic, Milan"]
[Black "Thoma, Robert"]
[Result "1/2-1/2"]
[WhiteElo "2386"]
[BlackElo "2342"]
[PlyCount "92"]
[EventDate "2014.04.01"]

1. Nf3 d6 2. d4 Bg4 3. c4 c6 4. Nc3 Nf6 5. e4 Nbd7 6. Be2 e5 7. Be3 Be7 8. O-O
O-O 9. d5 Nh5 10. h3 Bxf3 11. Bxf3 Nf4 12. Qd2 Ng6 13. g3 a5 14. b3 Qc7 15. Kg2
Rfd8 16. Rh1 Nc5 17. Rab1 Nf8 18. h4 Nfd7 19. Rhc1 Qb8 20. Bd1 Nf6 21. Bc2 Ng4
22. a3 Nxe3+ 23. Qxe3 Qa7 24. b4 axb4 25. axb4 Na6 26. Qxa7 Rxa7 27. dxc6 bxc6
28. b5 cxb5 29. cxb5 Nc5 30. Bb3 Rb8 31. Bd5 Bd8 32. Ra1 Ra5 33. Rcb1 g6 34.
Kf3 Kg7 35. Rxa5 Bxa5 36. Nd1 Ne6 37. Bxe6 fxe6 38. Ne3 Bb6 39. Nc4 Bc5 40. Ke2
Kf6 41. f4 exf4 42. gxf4 Ke7 43. h5 gxh5 44. Rh1 Rxb5 45. Rxh5 Rb4 46. Rxh7+
Kf6 1/2-1/2

[Event "European Senior Team Championship 2014"]
[Site "Sibenik"]
[Date "2014.04.03"]
[Round "3.5"]
[White "Soylu, Suat"]
[Black "Kristiansen, Jens"]
[Result "1-0"]
[WhiteElo "2407"]
[BlackElo "2412"]
[PlyCount "125"]
[EventDate "2014.04.01"]

1. e4 g6 2. d4 Bg7 3. Nc3 d6 4. Be3 a6 5. Qd2 b5 6. h4 h5 7. O-O-O Bb7 8. Nh3
Nf6 9. f3 Nbd7 10. Ng5 e6 11. g3 Qe7 12. Bh3 Nb6 13. b3 d5 14. Qd3 O-O-O 15. e5
Nfd7 16. Ne2 Kb8 17. Kb1 Rc8 18. c3 c5 19. Qd2 Rc7 20. Rc1 a5 21. dxc5 Nxc5 22.
Nd4 Ba6 23. f4 Rhc8 24. Bg2 Bf8 25. Bf3 Qd7 26. Rhd1 Rb7 27. Ka1 Rcc7 28. g4
hxg4 29. Bxg4 Qc8 30. Bf3 Ra7 31. Be2 Qe8 32. h5 gxh5 33. Bxh5 Qc8 34. Be2 Qe8
35. Bh5 Rab7 36. f5 Qc8 37. fxe6 fxe6 38. Bg4 Re7 39. Rh1 Bg7 40. Bf4 Rbc7 41.
Qe3 Kb7 42. Qh3 Rc6 43. Nxc6 Qxc6 44. Qe3 a4 45. b4 Ncd7 46. Be2 Nc4 47. Bxc4
Qxc4 48. Qd4 Qc6 49. Nf3 Rf7 50. Rh7 Nf8 51. Be3 Kb8 52. Rh3 Nd7 53. Rg1 Bf8
54. a3 Bb7 55. Rg8 Kc7 56. Kb2 Be7 57. Ne1 Nb6 58. Qxb6+ Qxb6 59. Bxb6+ Kxb6
60. Rg6 Bc8 61. Nc2 Rf2 62. Rh7 Bf8 63. Rf6 1-0

[Event "European Senior Team Championship 2014"]
[Site "Sibenik"]
[Date "2014.04.03"]
[Round "3.5"]
[White "Sorensen, Bent"]
[Black "Mollaoglu, Ergin"]
[Result "1-0"]
[WhiteElo "2262"]
[BlackElo "2354"]
[PlyCount "73"]
[EventDate "2014.04.01"]

1. Nf3 Nf6 2. g3 g6 3. b3 Bg7 4. Bb2 d5 5. c4 c5 6. cxd5 Qxd5 7. Bg2 Nc6 8. Nc3
Qd8 9. Na4 Qd6 10. Rc1 b6 11. d4 Bd7 12. dxc5 Qxd1+ 13. Rxd1 b5 14. Ne5 Rc8 15.
Nxd7 Nxd7 16. Bxg7 Rg8 17. Bc3 bxa4 18. b4 a6 19. O-O Kd8 20. Bd5 e6 21. Bc4
Ncb8 22. Rd6 a5 23. Rfd1 Ke7 24. Bb5 Rc7 25. c6 Nb6 26. Be5 axb4 27. R6d3 Rgc8
28. Bd6+ Kf6 29. Bxc7 Rxc7 30. Rd8 Nc8 31. R8d7 Rxc6 32. Bxc6 Nxc6 33. Rc7 N8e7
34. Rd6 Na5 35. Ra6 Nd5 36. Rc5 b3 37. axb3 1-0

[Event "European Senior Team Championship 2014"]
[Site "Sibenik"]
[Date "2014.04.03"]
[Round "3.5"]
[White "Dogantug, Ahmet Ismail"]
[Black "Jorgensen, Jorgen"]
[Result "1/2-1/2"]
[WhiteElo "2149"]
[BlackElo "2206"]
[PlyCount "46"]
[EventDate "2014.04.01"]

1. e4 g6 2. d4 Bg7 3. Nc3 c6 4. Nf3 d5 5. h3 Nf6 6. Bd3 dxe4 7. Nxe4 Nxe4 8.
Bxe4 Bf5 9. Bxf5 Qa5+ 10. c3 Qxf5 11. Qb3 Qb5 12. Qxb5 cxb5 13. O-O O-O 14. Bg5
e6 15. Rfe1 h6 16. Bf4 Nc6 17. a3 Rfd8 18. Re2 Rd5 19. Rae1 Rc8 20. Ne5 Nxe5
21. Bxe5 Bf8 22. Bg3 a6 23. Kh2 Bg7 1/2-1/2

[Event "European Senior Team Championship 2014"]
[Site "Sibenik"]
[Date "2014.04.03"]
[Round "3.5"]
[White "Grabow, Pouelsten Holm"]
[Black "Muratoglu, Salih"]
[Result "1/2-1/2"]
[WhiteElo "2131"]
[BlackElo "2020"]
[PlyCount "115"]
[EventDate "2014.04.01"]

1. c4 c5 2. Nc3 Nc6 3. Nf3 Nf6 4. g3 e6 5. Bg2 Be7 6. O-O O-O 7. d4 cxd4 8.
Nxd4 Bc5 9. Nb3 Bb4 10. Qc2 Ne5 11. Ne4 Nxe4 12. Qxe4 Nc6 13. Rd1 Re8 14. Be3
Bf8 15. a3 Qf6 16. Rd2 a5 17. Rad1 d6 18. Nd4 Nxd4 19. Bxd4 Qg6 20. Qe3 e5 21.
Bc3 Ra6 22. b4 axb4 23. Bxb4 Qe6 24. Bd5 Qd7 25. Qb3 Qc7 26. Qf3 g6 27. h4 h5
28. Rc1 Kg7 29. Rdc2 b6 30. Bc6 Bg4 31. Qg2 Bd7 32. Bxd7 Qxd7 33. Qd5 Rd8 34.
Rd1 Ra7 35. Rcd2 Qa4 36. e4 Rc7 37. Kg2 Qc6 38. Rc2 Qxd5 39. Rxd5 Kf6 40. f4
exf4 41. gxf4 Be7 42. f5 gxf5 43. exf5 Rg8+ 44. Kf3 Kg7 45. Bxd6 Bxd6 46. Rxd6
Rgc8 47. Rd4 Ra8 48. Rc3 Ra5 49. Kf4 Rcc5 50. Rg3+ Kf6 51. Rg5 Rxf5+ 52. Rxf5+
Rxf5+ 53. Ke3 Ra5 54. Rd6+ Ke5 55. Rxb6 Rxa3+ 56. Kd2 Kd4 57. Rb5 Ra2+ 58. Kc1
1/2-1/2

[Event "European Senior Team Championship 2014"]
[Site "Sibenik"]
[Date "2014.04.03"]
[Round "3.6"]
[White "Watzka, Horst"]
[Black "Westerinen, Heikki M.J"]
[Result "1/2-1/2"]
[WhiteElo "2250"]
[BlackElo "2293"]
[PlyCount "57"]
[EventDate "2014.04.01"]

1. e4 e6 2. d4 d5 3. Nc3 Bb4 4. exd5 exd5 5. Bd3 Nc6 6. a3 Ba5 7. Be3 Nf6 8.
Nge2 Ne7 9. O-O c6 10. h3 O-O 11. Bg5 Ng6 12. Nf4 Qd6 13. g3 Re8 14. Nxg6 hxg6
15. Kg2 Bxc3 16. bxc3 Ne4 17. Bxe4 Rxe4 18. Rh1 Bd7 19. Be3 Rae8 20. Qd2 Bf5
21. Rhe1 f6 22. g4 Bd7 23. f3 R4e6 24. Bf2 g5 25. Rxe6 Rxe6 26. a4 Be8 27. a5
Bg6 28. Bg3 Qe7 29. Kf1 1/2-1/2

[Event "European Senior Team Championship 2014"]
[Site "Sibenik"]
[Date "2014.04.03"]
[Round "3.6"]
[White "Kanko, Ilkka"]
[Black "Nickl, Klaus"]
[Result "1/2-1/2"]
[WhiteElo "2188"]
[BlackElo "2139"]
[PlyCount "38"]
[EventDate "2014.04.01"]

1. d4 Nf6 2. c4 g6 3. Nc3 Bg7 4. e4 d6 5. Bd3 O-O 6. Nge2 c6 7. f3 a6 8. a4 a5
9. Be3 Na6 10. Rc1 Nd7 11. O-O e5 12. Kh1 exd4 13. Nxd4 Ne5 14. Be2 f5 15. exf5
gxf5 16. Qd2 Nc5 17. Rcd1 Qf6 18. Bg5 Qg6 19. Bf4 Nf7 1/2-1/2

[Event "European Senior Team Championship 2014"]
[Site "Sibenik"]
[Date "2014.04.03"]
[Round "3.6"]
[White "Kratschmer, Heinz"]
[Black "Hurme, Harri"]
[Result "0-1"]
[WhiteElo "2114"]
[BlackElo "2150"]
[PlyCount "82"]
[EventDate "2014.04.01"]

1. d4 Nf6 2. Nf3 g6 3. Nc3 d5 4. Bf4 Bg7 5. e3 O-O 6. Be2 c5 7. O-O b6 8. Nb5
Nc6 9. Ne5 Bb7 10. c3 Ne4 11. Nxc6 Bxc6 12. f3 Nf6 13. a4 Qd7 14. b3 Nh5 15.
Bg5 f6 16. Bh4 Bh6 17. f4 Ng7 18. g4 Ne8 19. Qd2 a6 20. Na3 Nd6 21. Bf3 Ne4 22.
Bxe4 dxe4 23. h3 Rad8 24. Nc4 b5 25. Nb6 Qe6 26. Qc2 b4 27. Rac1 Bb7 28. dxc5
Rd3 29. cxb4 Rxe3 30. Qc4 Qxc4 31. Nxc4 Rxh3 32. Be1 Bc8 33. g5 fxg5 34. fxg5
Bxg5 35. Rxf8+ Kxf8 36. Nd2 Bf5 37. c6 e3 38. Nc4 Be4 39. Kf1 Rh1+ 40. Ke2 Rh2+
41. Kf1 Bf3 0-1

[Event "European Senior Team Championship 2014"]
[Site "Sibenik"]
[Date "2014.04.03"]
[Round "3.6"]
[White "Morant, Paul"]
[Black "Pitzl, Konstantinos"]
[Result "0-1"]
[WhiteElo "2149"]
[BlackElo "2060"]
[PlyCount "74"]
[EventDate "2014.04.01"]

1. e4 g6 2. d4 Bg7 3. Nf3 d6 4. Nc3 Nf6 5. Be2 O-O 6. h3 c6 7. Be3 Qc7 8. Qd2
Nbd7 9. Bh6 e5 10. Bxg7 Kxg7 11. dxe5 dxe5 12. Qe3 b6 13. Qg5 h6 14. Qe3 Nc5
15. g4 Ne6 16. O-O-O b5 17. Rdg1 b4 18. Nb1 c5 19. Nbd2 Bb7 20. Bc4 Nf4 21. g5
hxg5 22. Rxg5 Rae8 23. h4 N6h5 24. Rhg1 Qd6 25. Rd1 Qc7 26. Nb3 f6 27. Rxh5
Nxh5 28. Nxc5 Bc8 29. Rg1 Rh8 30. Bb3 Re7 31. Ne1 Nf4 32. Ned3 Rxh4 33. Nxb4
Rh3 34. f3 Ne2+ 35. Qxe2 Qxc5 36. Rxg6+ Kxg6 37. Qg2+ Kh6 0-1

[Event "European Senior Team Championship 2014"]
[Site "Sibenik"]
[Date "2014.04.03"]
[Round "3.7"]
[White "Opl, Klaus"]
[Black "Hallerod, Ralph"]
[Result "0-1"]
[WhiteElo "2283"]
[BlackElo "2086"]
[PlyCount "88"]
[EventDate "2014.04.01"]

1. e4 c6 2. d4 d5 3. exd5 cxd5 4. c4 Nf6 5. Nc3 g6 6. cxd5 Bg7 7. Bb5+ Nbd7 8.
d6 exd6 9. Qe2+ Kf8 10. Nf3 a6 11. Bc4 b5 12. Bxf7 Nb6 13. Bb3 b4 14. Ne4 h6
15. Bf4 Nxe4 16. Qxe4 Bf5 17. Qc6 Qe8+ 18. Qxe8+ Rxe8+ 19. Kd2 Ke7 20. a3 g5
21. Be3 bxa3 22. Rxa3 Ra8 23. Rha1 Bc8 24. Rc1 Kd7 25. Ra5 Rb8 26. h4 g4 27.
Nh2 Kd8 28. Bd1 h5 29. Nf1 d5 30. Bb3 Bf8 31. Bg5+ Kd7 32. Kd1 Bb4 33. Raa1 Bb7
34. Ne3 Rhf8 35. Ke2 Rbe8 36. g3 a5 37. Bf4 Ba6+ 38. Kd1 Rxf4 39. gxf4 g3 40.
Nxd5 Nxd5 41. Bxd5 gxf2 42. Bg2 Bd3 43. Rc3 Bxc3 44. bxc3 Re1+ 0-1

[Event "European Senior Team Championship 2014"]
[Site "Sibenik"]
[Date "2014.04.03"]
[Round "3.7"]
[White "Carlsson, Ingvar"]
[Black "Titz, Heimo"]
[Result "1/2-1/2"]
[WhiteElo "2064"]
[BlackElo "2151"]
[PlyCount "47"]
[EventDate "2014.04.01"]

1. e4 c5 2. Nf3 Nc6 3. d4 cxd4 4. Nxd4 Nf6 5. Nc3 d6 6. Bg5 e6 7. Qd2 a6 8.
O-O-O Bd7 9. f4 h6 10. Bh4 Nxe4 11. Qe1 Nf6 12. Nf5 Qa5 13. Nxd6+ Bxd6 14. Rxd6
Nb4 15. a3 Nbd5 16. Nxd5 Qxe1+ 17. Bxe1 Nxd5 18. f5 Ke7 19. Bg3 Rac8 20. Bd3
Rc6 21. Rxc6 Bxc6 22. fxe6 fxe6 23. Re1 Rf8 24. Be4 1/2-1/2

[Event "European Senior Team Championship 2014"]
[Site "Sibenik"]
[Date "2014.04.03"]
[Round "3.7"]
[White "Singer, Hans"]
[Black "Gromark, Per-Olof"]
[Result "1/2-1/2"]
[WhiteElo "2166"]
[BlackElo "2046"]
[PlyCount "111"]
[EventDate "2014.04.01"]

1. c4 g6 2. Nc3 c5 3. Nf3 Nc6 4. g3 Bg7 5. Bg2 d6 6. d3 Rb8 7. Bg5 a6 8. a4 Bf5
9. Qc1 Nb4 10. O-O Qd7 11. Rd1 h6 12. Bd2 Nf6 13. Na2 a5 14. Nc3 Bh3 15. Bh1
Ng4 16. Nb5 O-O 17. Bc3 Ne5 18. Qd2 Bg4 19. Ne1 Kh7 20. b3 Nec6 21. Bxg7 Kxg7
22. d4 Nxd4 23. Nxd4 cxd4 24. Qxd4+ Kh7 25. Rd2 Nc6 26. Qc3 Qe6 27. Nd3 Bf5 28.
Nf4 Qe5 29. Qxe5 Nxe5 30. h4 Kg7 31. Nd5 Nc6 32. Bf3 Rfe8 33. Nb6 Be6 34. Bd5
Nb4 35. Rc1 Na6 36. Bf3 Nc5 37. Rc3 Kf8 38. Kf1 Bd7 39. Ke1 Bc6 40. Kd1 Red8
41. Kc1 Bxf3 42. Rxf3 e6 43. Kb2 h5 44. Re3 f5 45. f3 Kf7 46. Rc3 Ke7 47. Re3
Kf7 48. Rd1 Kf6 49. Kc3 Na6 50. Red3 Ke7 51. Rd4 Nb4 52. R4d2 Nc6 53. f4 Nb4
54. e4 Na6 55. Re2 Kf7 56. e5 1/2-1/2

[Event "European Senior Team Championship 2014"]
[Site "Sibenik"]
[Date "2014.04.03"]
[Round "3.7"]
[White "Ekelund, Kurt"]
[Black "Strobel, Ferdinand"]
[Result "1/2-1/2"]
[WhiteElo "2040"]
[BlackElo "2100"]
[PlyCount "30"]
[EventDate "2014.04.01"]

1. e4 d6 2. d4 Nf6 3. Nc3 g6 4. f4 Bg7 5. Nf3 c5 6. dxc5 Qa5 7. Bd3 Qxc5 8. Qe2
O-O 9. Be3 Qa5 10. O-O Nc6 11. Kh1 Nb4 12. Bc4 d5 13. exd5 Nfxd5 14. Nxd5 Nxd5
15. Bd2 Qc5 1/2-1/2

[Event "European Senior Team Championship 2014"]
[Site "Sibenik"]
[Date "2014.04.03"]
[Round "3.8"]
[White "Baumbach, Friedrich"]
[Black "Rooze, Jan"]
[Result "1/2-1/2"]
[WhiteElo "2231"]
[BlackElo "2348"]
[PlyCount "76"]
[EventDate "2014.04.01"]

1. d4 Nf6 2. c4 c5 3. Nf3 cxd4 4. Nxd4 b6 5. f3 Bb7 6. e4 d6 7. Be2 e6 8. O-O
Be7 9. Be3 O-O 10. Nc3 Nbd7 11. Qd2 a6 12. Rfd1 Rc8 13. b3 Qc7 14. Rac1 Qb8 15.
Bf1 Rfe8 16. Qf2 Bd8 17. Qg3 Kh8 18. Nc2 b5 19. Nd4 bxc4 20. bxc4 Bc7 21. Qh4
d5 22. cxd5 exd5 23. Nf5 dxe4 24. Qg5 Rg8 25. fxe4 Bxh2+ 26. Kh1 Be5 27. Ne7
Rxc3 28. Rxc3 Bxc3 29. Nxg8 Kxg8 30. Bc4 h6 31. Qh4 Bxe4 32. Bb3 Qb7 33. Qg3
Be5 34. Qf2 Bg6 35. Qd2 Qe4 36. Bf2 Qf5 37. Qe2 Bh5 38. Qd3 Qxf2 1/2-1/2

[Event "European Senior Team Championship 2014"]
[Site "Sibenik"]
[Date "2014.04.03"]
[Round "3.8"]
[White "Geenen, Marc"]
[Black "Siegmund, Rainer"]
[Result "1/2-1/2"]
[WhiteElo "2240"]
[BlackElo "2148"]
[PlyCount "55"]
[EventDate "2014.04.01"]

1. e4 c5 2. Nf3 Nc6 3. d4 cxd4 4. Nxd4 Nf6 5. Nc3 e5 6. Ndb5 d6 7. Bg5 a6 8.
Na3 b5 9. Bxf6 gxf6 10. Nd5 Bg7 11. Bd3 Ne7 12. Nxe7 Qxe7 13. O-O O-O 14. c4 f5
15. Qf3 Qb7 16. exf5 Qxf3 17. gxf3 e4 18. Bxe4 d5 19. Bxd5 Rb8 20. Rab1 Bxf5
21. Be4 Bh3 22. Rfd1 Be5 23. f4 Bxf4 24. Rd3 Be6 25. cxb5 axb5 26. b3 Kh8 27.
Kh1 Rfc8 28. Rbd1 1/2-1/2

[Event "European Senior Team Championship 2014"]
[Site "Sibenik"]
[Date "2014.04.03"]
[Round "3.8"]
[White "Franke, Roland"]
[Black "Bolzoni, Victor-Angel"]
[Result "1-0"]
[WhiteElo "2012"]
[BlackElo "2207"]
[PlyCount "159"]
[EventDate "2014.04.01"]

1. b4 Nf6 2. Bb2 e6 3. b5 d5 4. e3 Bd6 5. Nf3 Nbd7 6. Be2 a6 7. a4 O-O 8. O-O
Re8 9. d4 axb5 10. axb5 Rxa1 11. Bxa1 c5 12. bxc6 bxc6 13. c4 Qa5 14. Bc3 Qa2
15. c5 Bc7 16. Nbd2 Ba6 17. Bxa6 Qxa6 18. Qc2 Ra8 19. Ra1 Qc8 20. Ra4 Rxa4 21.
Qxa4 Ne4 22. Nxe4 dxe4 23. Nd2 Nf6 24. Qc2 Qb7 25. g3 h5 26. Nxe4 Nxe4 27. Qxe4
Bd8 28. h4 Bf6 29. Ba5 Qd7 30. Kg2 Qa7 31. Bb6 Qd7 32. Qf3 e5 33. dxe5 Bxe5 34.
Qxh5 Bf6 35. Qf3 Be7 36. Qe4 Bf8 37. Qe5 f6 38. Qd4 Qf5 39. e4 Qe6 40. Bc7 Kf7
41. e5 Be7 42. Bd6 fxe5 43. Bxe5 Kg8 44. Bxg7 Bxc5 45. Qxc5 Kxg7 46. Qg5+ Kh8
47. Kh2 Qe4 48. h5 Qf3 49. Qc5 Kh7 50. Kg1 Qe4 51. Qe3 Qd5 52. Qe8 Qd1+ 53. Kh2
Qf3 54. Kg1 Qd1+ 55. Kg2 Qd5+ 56. f3 Qd2+ 57. Kh3 Qc3 58. Qd7+ Kh8 59. h6 c5
60. Qg7+ Qxg7 61. hxg7+ Kxg7 62. Kg4 Kf6 63. Kf4 Ke6 64. Ke4 Kd6 65. Kd3 Kd5
66. g4 Ke5 67. Kc4 Kd6 68. f4 Kc6 69. g5 Kd6 70. f5 Ke5 71. f6 Kd6 72. g6 Ke6
73. g7 Kf7 74. Kxc5 Kg8 75. Kd6 Kf7 76. Ke5 Kg8 77. Ke6 Kh7 78. Kf7 Kh6 79.
g8=Q Kh5 80. Qg3 1-0

[Event "European Senior Team Championship 2014"]
[Site "Sibenik"]
[Date "2014.04.03"]
[Round "3.8"]
[White "Schrickx, Frank"]
[Black "Hollstein, Joachim"]
[Result "0-1"]
[WhiteElo "1889"]
[BlackElo "2087"]
[PlyCount "40"]
[EventDate "2014.04.01"]

1. e4 c6 2. d4 d5 3. exd5 cxd5 4. c4 Nf6 5. Nc3 Nc6 6. Be3 g6 7. Nf3 Bg7 8. Rc1
O-O 9. a3 Qa5 10. Qd2 Ne4 11. Nxe4 dxe4 12. Qxa5 Nxa5 13. Nd2 f5 14. g3 e5 15.
d5 b6 16. b4 Nb7 17. Nb3 f4 18. Bd2 Bh6 19. Rd1 Bf5 20. Ra1 Rae8 0-1

[Event "European Senior Team Championship 2014"]
[Site "Sibenik"]
[Date "2014.04.03"]
[Round "3.9"]
[White "Stebbings, Anthony J"]
[Black "Jones, Iolo C"]
[Result "1/2-1/2"]
[WhiteElo "2302"]
[BlackElo "2185"]
[PlyCount "63"]
[EventDate "2014.04.01"]

1. e4 e5 2. Nf3 Nf6 3. Nxe5 d6 4. Nf3 Nxe4 5. d4 d5 6. Bd3 Nc6 7. O-O Be7 8.
Re1 Bg4 9. c3 f5 10. Qb3 Qd6 11. Nfd2 Nxd2 12. Nxd2 O-O 13. Nf1 f4 14. f3 Bh4
15. Re2 Bf5 16. Bxf5 Rxf5 17. Bd2 Rff8 18. Be1 Bf6 19. Bf2 Rfe8 20. Rae1 Rxe2
21. Rxe2 b6 22. Nd2 Kf8 23. Qc2 g6 24. Nb3 Rd8 25. Nc1 a5 26. Nd3 Re8 27. Rxe8+
Kxe8 28. Qe2+ Kf7 29. g3 fxg3 30. Bxg3 Qd7 31. Qe3 Bd8 32. Kf2 1/2-1/2

[Event "European Senior Team Championship 2014"]
[Site "Sibenik"]
[Date "2014.04.03"]
[Round "3.9"]
[White "Bennett, Patrick"]
[Black "Quinn, John M"]
[Result "1/2-1/2"]
[WhiteElo "2021"]
[BlackElo "2135"]
[PlyCount "31"]
[EventDate "2014.04.01"]

1. c4 Nf6 2. Nc3 g6 3. g3 Bg7 4. Bg2 d6 5. e4 O-O 6. Nge2 c5 7. O-O Nc6 8. a3
Rb8 9. Rb1 Bg4 10. h3 Bd7 11. b4 Qc8 12. Kh2 Nd4 13. b5 e5 14. d3 h6 15. Be3
Kh7 16. a4 1/2-1/2

[Event "European Senior Team Championship 2014"]
[Site "Sibenik"]
[Date "2014.04.03"]
[Round "3.9"]
[White "Scholes, James E"]
[Black "Thornton, John D"]
[Result "1/2-1/2"]
[WhiteElo "2103"]
[BlackElo "2020"]
[PlyCount "41"]
[EventDate "2014.04.01"]

1. c4 e6 2. Nc3 d5 3. d4 c5 4. e3 Nf6 5. Nf3 Nc6 6. a3 cxd4 7. exd4 Be7 8. cxd5
Nxd5 9. Be2 O-O 10. O-O a6 11. Qc2 Bf6 12. Rd1 Nxc3 13. bxc3 b5 14. a4 b4 15.
cxb4 Nxb4 16. Qd2 Nd5 17. Ne5 Bb7 18. Bf3 Bxe5 19. dxe5 Qd7 20. Qd4 Rfc8 21.
Bb2 1/2-1/2

[Event "European Senior Team Championship 2014"]
[Site "Sibenik"]
[Date "2014.04.03"]
[Round "3.9"]
[White "Bevan, P.M."]
[Black "Bowmer, Kevin"]
[Result "1-0"]
[WhiteElo "2086"]
[BlackElo "2083"]
[PlyCount "83"]
[EventDate "2014.04.01"]

1. c4 g6 2. g3 Bg7 3. Bg2 d6 4. d3 e5 5. Nc3 f5 6. e4 Nc6 7. Nge2 Nf6 8. O-O
O-O 9. Nd5 Nd4 10. Nxd4 exd4 11. exf5 gxf5 12. Bg5 c6 13. Nxf6+ Bxf6 14. Bxf6
Qxf6 15. f4 Be6 16. b4 Rae8 17. Re1 Re7 18. Rb1 Rfe8 19. Qd2 Bc8 20. Rxe7 Qxe7
21. Kf2 Kg7 22. Re1 Qxe1+ 23. Qxe1 Rxe1 24. Kxe1 Kf6 25. Bf3 c5 26. b5 b6 27.
h3 h6 28. Kf2 a6 29. a4 axb5 30. cxb5 Ke6 31. g4 d5 32. g5 hxg5 33. fxg5 c4 34.
Be2 c3 35. Bd1 Bd7 36. Kf3 Be8 37. Kf4 Bh5 38. Bc2 Be8 39. h4 Bg6 40. h5 Bxh5
41. a5 bxa5 42. b6 1-0

[Event "European Senior Team Championship 2014"]
[Site "Sibenik"]
[Date "2014.04.03"]
[Round "3.10"]
[White "Roth, Peter"]
[Black "Jamieson, Peter M"]
[Result "1-0"]
[WhiteElo "2176"]
[BlackElo "2251"]
[PlyCount "125"]
[EventDate "2014.04.01"]

1. e4 c6 2. Nf3 d6 3. d4 g6 4. h3 Bg7 5. Be3 Nd7 6. Qd2 Qc7 7. c4 Ngf6 8. Nc3
O-O 9. Bh6 e5 10. Bxg7 Kxg7 11. O-O-O a6 12. Kb1 b5 13. a3 Bb7 14. dxe5 dxe5
15. Qe3 Rfd8 16. Be2 Qa5 17. Nd2 c5 18. cxb5 axb5 19. Bxb5 Rdb8 20. Nc4 Qc7 21.
Bxd7 Nxd7 22. Rxd7 Qxd7 23. Nb6 Qe6 24. Nxa8 Qb3 25. Nd1 Bxa8 26. Qxb3 Rxb3 27.
Nc3 f5 28. f3 fxe4 29. fxe4 Rb6 30. Rd1 Bc6 31. Rd6 Kf7 32. Nd5 Ra6 33. Rf6+
Kg7 34. Kc1 Bb5 35. Rxa6 Bxa6 36. g3 Bd3 37. Nc3 g5 38. Kd2 Bf1 39. h4 gxh4 40.
gxh4 Kg6 41. Ke1 Bc4 42. Kf2 Bb3 43. Nb1 Bc2 44. Nd2 Kh5 45. Kg3 Bd3 46. Nb3
Bxe4 47. Nxc5 Bc6 48. Nd3 e4 49. Nf4+ Kh6 50. Kf2 Kg7 51. Ne2 Kf6 52. Nd4 Bd7
53. b4 Kg6 54. b5 Kh5 55. b6 Bc8 56. Kg3 e3 57. Ne2 Bb7 58. Nf4+ Kh6 59. a4 Kg7
60. Ne6+ Kf6 61. Nc5 Bc6 62. b7 Bxb7 63. Nxb7 1-0